Statistics for Timeline of Chinese History 中國歷史年表

Click here to take the quiz!

General Stats

  • This quiz has been taken 309 times
  • The average score is 33 of 44

Answer Stats

Answer% Correct
Northern & Southern Dynasties/南北朝
99%
Qin/秦
99%
Qi/齊
97%
Qing/清
97%
Han/漢
95%
Ming/明
94%
Yuan/元
92%
Song/宋
91%
Western Xia/西夏
91%
Xia/夏
91%
Tang/唐
89%
Jin/晉
88%
Song/宋
88%
Three Kingdoms/三國
88%
Jin/金
87%
Zhou/周
87%
Republic of China/中華民國
86%
Shang/商
86%
People's Republic of China/中華人民共和國
83%
Wei/魏
78%
Wu/吳
78%
Eastern Zhou/東周
77%
Sui/隋
75%
Shu Han/蜀漢
73%
Warring States/戰國
73%
Eastern Han/東漢
71%
Spring and Autumn Period/春秋
71%
Western Han/西漢
71%
Liao/遼
70%
Xin/新
70%
Western Zhou/西周
68%
Northern Song/北宋
62%
Southern Song/南宋
61%
Western Jin/西晉
61%
Eastern Jin/東晉
60%
5 Dynasties & 10 Kingdoms/五代十國
59%
Liang/梁
54%
Chen/陳
53%
Northern Wei/北魏
49%
Northern Qi/北齊
42%
Sixteen Kingdoms/五胡十六國
42%
Eastern Wei/東魏
41%
Western Wei/西魏
41%
Northern Zhou/北周
40%

Score Distribution

Percentile by Number Answered

Percent of People with Each Score

Your Score History

You have not taken this quiz